00388nam a2200157Ia 45000010006000000050017000060080041000230410008000640820016000721000025000882450064001132600009001773000028001866500008002146540008002221331220260306164752.0260306t2004||||xx |||||||||||||| ||spa|| aESP a001.42bO69 aOrna, ElisabetheAUT 0aCómo usar la información en trabajos de investigación c2004 a238 páginas :c24 cm. aGEN aCHU